[Event "Campeonato de España Universitario 2011"]
[Site "Alicante ESP"]
[Date "2011.05.11"]
[Round "9.13"]
[White "Fernandez Barrera, Victor"]
[Black "Muñoz Navarro, Alberto"]
[Result "1-0"]
[WhiteElo "2327"]
[BlackElo "2160"]
[PlyCount "40"]
[EventDate "2011.05.09"]
[EventType "swiss"]
[EventRounds "9"]
[EventCountry "ESP"]
[Source "lmi"]
[SourceDate "2011.05.09"]

1. e4 c5 2. Nf3 Nc6 3. d4 cxd4 4. Nxd4 g6 5. c4 Bg7 6. Be3 Nf6 7. Nc3 O-O 8.
Be2 b6 9. O-O Bb7 10. f3 Qb8 11. Qd2 Rd8 12. Rac1 d6 13. Rfd1 Rd7 14. a3 Qf8
15. Nc2 e6 16. Bf1 Rad8 17. Qf2 d5 18. exd5 exd5 19. Nb5 dxc4 20. Rxd7 Nxd7 1-0

[Event "Campeonato de España Universitario 2011"]
[Site "Alicante ESP"]
[Date "2011.05.11"]
[Round "9.14"]
[White "Martin Fuentes, Alberto"]
[Black "Eyo Castro-Rial, Alberto"]
[Result "0-1"]
[WhiteElo "2322"]
[BlackElo "2185"]
[PlyCount "198"]
[EventDate "2011.05.09"]
[EventType "swiss"]
[EventRounds "9"]
[EventCountry "ESP"]
[Source "lmi"]
[SourceDate "2011.05.09"]

1. e4 e6 2. d4 d5 3. Nc3 dxe4 4. Nxe4 Nd7 5. g3 Ngf6 6. Bg5 Be7 7. Nxf6+ Bxf6
8. Bxf6 Qxf6 9. Nf3 O-O 10. Qe2 c5 11. O-O-O a6 12. Bg2 b5 13. Ne5 Ra7 14. Nxd7
Bxd7 15. dxc5 Rc8 16. Qe3 Rac7 17. c3 a5 18. Rd2 Be8 19. Qd4 Rxc5 20. Qxf6 gxf6
21. Kb1 Kf8 22. Rhd1 Ke7 23. Rd4 Rh5 24. h4 Rhc5 25. Rd6 f5 26. Ra6 b4 27. Rd3
Kf6 28. Re3 bxc3 29. Rxc3 Rxc3 30. bxc3 Rc5 31. Kc2 Bb5 32. Ra8 Bc4 33. a3 e5
34. Rh8 Kg7 35. Re8 Kf6 36. Rd8 e4 37. Rd6+ Kg7 38. Rb6 h6 39. Kd2 Bd3 40. Bf3
Bc4 41. Be2 Bxe2 42. Kxe2 Rxc3 43. Rb5 Rxa3 44. Rxf5 Kg6 45. Re5 f5 46. Re6+
Kg7 47. h5 a4 48. Rg6+ Kh7 49. Rf6 Rf3 50. Ra6 a3 51. Rf6 Kg7 52. Rg6+ Kh7 53.
Rf6 Kg7 54. Ra6 Rb3 55. Kf1 Rb1+ 56. Kg2 Ra1 57. Rg6+ Kh7 58. Rf6 a2 59. Ra6
Kg7 60. Kh2 Kf7 61. Kg2 Ke7 62. Kh2 Kd7 63. Kg2 Kc7 64. Ra5 Kd6 65. Ra6+ Kd5
66. Ra5+ Kd4 67. Ra4+ Kd3 68. Ra6 Ke2 69. Ra3 Kd2 70. Ra6 Kd3 71. Ra3+ Kd4 72.
Ra4+ Ke5 73. Ra6 e3 74. fxe3 Ke4 75. Ra3 Kd5 76. Ra5+ Kc4 77. Ra6 Kd3 78. Ra3+
Ke2 79. g4 fxg4 80. e4 Kd2 81. e5 Kc2 82. Ra5 Kb3 83. Rb5+ Kc4 84. Ra5 Kb4 85.
Ra8 Kc5 86. Ra6 Kb5 87. Ra7 Kb6 88. Ra8 Kc6 89. Ra5 Kd7 90. Ra6 Ke7 91. e6 Kf6
92. Kh2 Kg5 93. Kg2 Kxh5 94. Kh2 Kg6 95. e7+ Kf7 96. Ra7 h5 97. Kg2 h4 98. Kh2
g3+ 99. Kg2 h3+ 0-1

[Event "Campeonato de España Universitario 2011"]
[Site "Alicante ESP"]
[Date "2011.05.11"]
[Round "9.15"]
[White "Pazos Porta, Antonio"]
[Black "Rodriguez Perez, Angel Mariano"]
[Result "1/2-1/2"]
[WhiteElo "2318"]
[BlackElo "2139"]
[PlyCount "103"]
[EventDate "2011.05.09"]
[EventType "swiss"]
[EventRounds "9"]
[EventCountry "ESP"]
[Source "lmi"]
[SourceDate "2011.05.09"]

1. e4 d6 2. d4 g6 3. Nc3 Bg7 4. Nge2 Nf6 5. h3 O-O 6. g4 c5 7. dxc5 dxc5 8.
Qxd8 Rxd8 9. Be3 b6 10. e5 Bb7 11. exf6 Bxh1 12. fxg7 Kxg7 13. Ng3 Bb7 14. Bd3
Nc6 15. Be4 Rab8 16. Rd1 Rxd1+ 17. Kxd1 Ne5 18. Bxb7 Rxb7 19. Ke2 Nc4 20. Bc1
Rd7 21. Nce4 f6 22. f4 Kf7 23. b3 Nd6 24. a4 Nxe4 25. Nxe4 Rd4 26. Nc3 h5 27.
a5 hxg4 28. hxg4 e5 29. Be3 Rd8 30. a6 Ke6 31. Nb5 Rd7 32. c4 Rh7 33. Kd3 f5
34. gxf5+ Kxf5 35. fxe5 Kxe5 36. Nc3 Kf5 37. Nd5 g5 38. Ke2 g4 39. Bf4 Rh3 40.
Bb8 Rxb3 41. Bxa7 Ra3 42. Nc7 g3 43. Bxb6 Ke4 44. Bxc5 Ra2+ 45. Kd1 Kd3 46. Kc1
Kxc4 47. Be3 Kd3 48. Bb6 g2 49. a7 Ke2 50. a8=Q Rxa8 51. Nxa8 Kf1 52. Nc7
1/2-1/2